| 000 | 00862nam a22002177a 4500 | ||
|---|---|---|---|
| 999 |
_c16342 _d16342 |
||
| 003 | AR-CdUCM | ||
| 008 | 190503b ||||| |||| 00| 0 spa d | ||
| 040 |
_aMUNICIPALIDAD PROVINCIAL DEL CUSCO _cBIBLIOTECA MUNICIPAL DEL CUSCO |
||
| 082 |
_a338.82 / _bB67 |
||
| 100 |
_aBoccara, Paul _935732 |
||
| 245 | _aCapital Monopolista de estado / | ||
| 260 |
_aMexico : _bGrijalbo, _c1970. |
||
| 300 |
_a158 paginas ; _bIlustraciones, graficos, dibujos, _c19 cm. |
||
| 440 |
_aColección _n70 _92202 |
||
| 505 | _aContenido: definición del problema -- Neocolonialismo -- el estado y los procesos de integración -- modificaciones escenciales -- motivaciones y consecuencias -- limites de la intervención... | ||
| 650 |
_aLiteratura _983 |
||
| 650 |
_aHistoria _9136 |
||
| 700 |
_aSanchez Mascuñan, Alberto _92827 |
||
| 942 |
_2ddc _cLIBROS |
||
| 945 |
_apjha _d2019-05-03 |
||